banner koha

Analise da comercializacao de algodao, milho e feijao dos agricultores de baixa renda do Municipio de Caninde-Ceara, 1972/75 [Gossypium spp.; Zea mays; Phaseolus vulgaris; Brasil] (Registro n. 23832)

MARC details
000 -LÍDER
campo de controle de tamanho fixo 01389nam a22004217a 4500
001 - NÚMERO DE CONTROLE
campo de controle BR7703413
003 - IDENTIFICADOR DO NÚMERO DE CONTROLE
campo de controle BR-BrBNA
005 - DATA E HORÁRIO DA ÚLTIMA TRANSAÇÃO
campo de controle 20230928085323.0
007 - CAMPO FIXO DE DESCRIÇÃO FÍSICA--INFORMAÇÃO GERAL
campo de controle de tamanho fixo ta
008 - CAMPO DE DADOS FIXOS--INFORMAÇÃO GERAL
campo de controle de tamanho fixo 230509b bl.||||| |||| 00| 0 por d
040 ## - FONTE DA CATALOGAÇÃO
Instituição da catalogação original BR-BrBNA
Idioma da catalogação por
Instituição que transcreveu o registro Biblioteca Nacional de Agricultura
041 ## - CÓDIGO DE IDIOMA
Código do idioma do texto/trilha sonora ou título diferente (Por)
072 ## - CÓDIGO DE CATEGORIA DE ASSUNTO
Código de Categoria de Assunto E70; E15
Código do objeto 0430
-- 0120
-- 1410
-- /G514
090 ## - NÚMERO DE CHAMADA LOCAL
-- 0430 BR7703413
100 1# - ENTRADA PRINCIPAL--NOME PESSOAL
Nome pessoal Azevedo, R. de
110 1# - ENTRADA PRINCIPAL--NOME CORPORATIVO
Nome corporativo ou nome da jurisdição Universidade Federal do Ceara, Fortaleza (Brasil). Centro de Ciencias Agrarias. Depto. de Economia Agricola
111 1# - ENTRADA PRINCIPAL--NOME DO EVENTO
Nome do evento ou lugar 15. Reuniao da Sociedade Brasileira de Economia Rural
Local do evento Vicosa, MG (Brazil)
Data do evento ou assinatura do tratado 18 Jul 1977
245 1# - TÍTULO
Título Analise da comercializacao de algodao, milho e feijao dos agricultores de baixa renda do Municipio de Caninde-Ceara, 1972/75 [Gossypium spp.; Zea mays; Phaseolus vulgaris; Brasil]
260 3# - PUBLICAÇÃO, DISTRIBUIÇÃO, ETC.
Local de publicação, distribuição, etc. Fortaleza, CE (Brasil):
Data da publicação, distribuição, etc. 1977.
300 ## - DESCRIÇÃO FÍSICA
Extensão 52 p.
500 ## - NOTA GERAL
Nota geral 23 tables; 7 graphs; 13 ref.
650 ## - ASSUNTO--TERMO TÓPICO
Cabeçalho tópico ou nome geográfico Comercializacao
650 ## - ASSUNTO--TERMO TÓPICO
Cabeçalho tópico ou nome geográfico Microeconomia
650 ## - ASSUNTO--TERMO TÓPICO
Cabeçalho tópico ou nome geográfico Algodao
650 ## - ASSUNTO--TERMO TÓPICO
Cabeçalho tópico ou nome geográfico Milho
650 ## - ASSUNTO--TERMO TÓPICO
Cabeçalho tópico ou nome geográfico Feijao
650 ## - ASSUNTO--TERMO TÓPICO
Cabeçalho tópico ou nome geográfico Estatistica comercial
650 ## - ASSUNTO--TERMO TÓPICO
Cabeçalho tópico ou nome geográfico Mercado atacadista
650 ## - ASSUNTO--TERMO TÓPICO
Cabeçalho tópico ou nome geográfico Mercado varejista
650 ## - ASSUNTO--TERMO TÓPICO
Cabeçalho tópico ou nome geográfico Preco medio
650 ## - ASSUNTO--TERMO TÓPICO
Cabeçalho tópico ou nome geográfico Preco pago
650 ## - ASSUNTO--TERMO TÓPICO
Cabeçalho tópico ou nome geográfico Agricultor
650 ## - ASSUNTO--TERMO TÓPICO
Cabeçalho tópico ou nome geográfico Baixa renda
650 ## - ASSUNTO--TERMO TÓPICO
Cabeçalho tópico ou nome geográfico Caninde
650 ## - ASSUNTO--TERMO TÓPICO
Cabeçalho tópico ou nome geográfico Ceara
909 ## -
-- 202309
-- Lucia
-- 55
-- Lucia Elande
942 ## - ELEMENTOS DE ENTRADA ADICIONADOS (KOHA)
Tipo de material Koha Livros
Exemplares
Situação do descarte Fonte da classificação ou esquema de arquivamento na estante Situação física Não pode ser emprestado Coleção Biblioteca de origem Biblioteca atual Total de empréstimos Número de telefone completo Código de barras Data de último acesso Número do exemplar Tipo de material Koha Situação das perdas Data de aquisição Fonte de aquisição
  Classificação AGRIS       Biblioteca Nacional de Agricultura - Binagri Biblioteca Nacional de Agricultura - Binagri   0430 BR7703413 0430 BR7703413 25/09/2023 01 Livros   2023-09-25 Portaria Interministerial nº 164/94

BINAGRI

Telefone: (61)3218-2567/2388/3357/2097 - binagri@agro.gov.br

Ministério da Agricultura e Pecuária , Esplanada dos Ministérios, Bloco D, Anexo B, Brasília/DF, CEP: 70.043-900